| 000 | 00995nam a2200277Ia 4500 | ||
|---|---|---|---|
| 003 | OSt | ||
| 005 | 20220930092651.0 | ||
| 006 | a|||||r|||| 00| 0 | ||
| 007 | ta | ||
| 008 | 220926b |||||||| |||| 00| 0 eng d | ||
| 024 | _a23591 | ||
| 037 | _cTheses | ||
| 040 |
_aCRL _cCRL _beng |
||
| 041 |
_2eng _aeng |
||
| 100 |
_aPanigrahi Deepak Kumar _9549414 |
||
| 110 |
_aUniversity OF Delhi. Faculty OF Medical Sciences. Department OF General Medicine _9544737 |
||
| 245 | 0 | _aStudy of factors influencing the cognitive function in type 2 diabetes mellitus | |
| 260 | _c2014 | ||
| 650 | _aMEDICINE | ||
| 700 |
_a Dr. Atul Murari Gu. _9537126 |
||
| 700 |
_a Dr. Debasish Chaudhury Gu. _9549415 |
||
| 700 |
_a Dr. S. K. Sharma Gu. _9532837 |
||
| 700 |
_aUniversity OF Delhi. Faculty OF Medical Sciences. Department OF General Medicine _9544739 |
||
| 942 |
_cDIS _2CC |
||
| 999 |
_c884117 _d884117 |
||